El Chilote Otey y otros relatos
Guardat en:
| Autor principal: | |
|---|---|
| Format: | Llibre |
| Idioma: | espanyol |
| Publicat: |
Santiago
Quimantú
1971
|
| Col·lecció: | Colección Quimantú Para Todos, 3
|
| Matèries: | |
| Etiquetes: |
Afegir etiqueta
Sense etiquetes, Sigues el primer a etiquetar aquest registre!
|
MARC
| LEADER | 00000nam a2200000 a 4500 | ||
|---|---|---|---|
| 001 | UCX6191 | ||
| 003 | CL-VaPUC | ||
| 008 | 930429e19710000CL |||||||||||||||||spa|d | ||
| 082 | 0 | 4 | |a Ch863 |b COL |2 21 |
| 100 | 0 | |a Coloane, Francisco |e author |9 322611 | |
| 245 | 1 | 3 | |a El Chilote Otey y otros relatos |
| 300 | |a 221 p | ||
| 942 | |c BK | ||
| 945 | |d 19930429 00:00:00 | ||
| 260 | |a Santiago |b Quimantú |c 1971 | ||
| 650 | 0 | |a Cuentos chilenos |9 308280 | |
| 583 | |a last modification |c 19930429 00:00:00 |k Rodrigo Vera | ||
| 490 | 0 | |a Colección Quimantú Para Todos, 3 | |
| 999 | |c 226261 |d 226259 | ||
| 952 | |0 0 |1 0 |4 0 |6 CH_863_000000000000000_COL_1971 |7 0 |8 A |9 224494 |a BIBEDU |b BIBEDU |d 2019-11-15 |i 2932466 |o Ch863 COL 1971 |p 2932466 |r 2019-11-15 |w 2019-11-15 |y BK |k LIT | ||
| 952 | |0 0 |1 0 |4 0 |6 CH_863_000000000000000_COL_1971 |7 0 |8 A |9 224495 |a BIBEDU |b BIBEDU |d 2019-11-15 |i 1601776 |o Ch863 COL 1971 |p 1601776 |r 2019-11-15 |w 2019-11-15 |y BK |k EDU | ||